Wird geladen...

Socio-Economic Problems Of The Handloom Weavers(Women):A Study Conducted In Pothencode

Bibliographische Detailangaben
1. Verfasser: Sreelatha Kumary,P
Format: Dissertation
Sprache:Undetermined
Veröffentlicht: Trivandrum: Department Of Sociology, 1989
Schlagworte:
LEADER 00642nam a2200157Ia 4500
008 200110s9999||||xx |||||||||||||| ||und||
080 |a 305.4  |b SRE-S 
100 |a Sreelatha Kumary,P.  
245 0 |a Socio-Economic Problems Of The Handloom Weavers(Women):A Study Conducted In Pothencode 
260 |a Trivandrum:  |b Department Of Sociology,   |c 1989 
300 |a 95 p.  |f HB 
500 |a General 
650 |a Socio-Economic Problems Of The Handloom Weavers(Women):A Study Conducted In Pothencode  
942 |c DISS 
999 |c 258192  |d 258192 
952 |0 0  |1 0  |4 0  |6 305_400000000000000_SRES  |7 0  |9 274116  |a SOC  |b SOC  |l 0  |o 305.4 SRE-S  |p SOCD120  |r 2020-01-14  |w 2020-01-14  |y DISS